| 000 | 00383nam a2200157Ia 4500 | ||
|---|---|---|---|
| 003 | 0STCL | ||
| 008 | 150530s9999 xx 000 0 und d | ||
| 040 |
_aSTCL _cSTCL |
||
| 100 | _aSreedhara Menon, A. | ||
| 245 | _aKerala District gazetters; KOttayam | ||
| 260 |
_bGovernment of Kerala _c1975 |
||
| 546 | _aEnglish | ||
| 942 |
_2ddc _cBK |
||
| 999 |
_c71442 _d71442 |
||
| 005 | 20220125171454.0 | ||